[Event "Reykjavik Open 2015"]
[Site "Reykjavik ISL"]
[Date "2015.03.18"]
[Round "10.28"]
[White "Hamitevici, Vladimir"]
[Black "Wahedi, Ahmad Siar"]
[Result "1-0"]
[WhiteTitle "IM"]
[BlackTitle "FM"]
[WhiteElo "2450"]
[BlackElo "2287"]
[WhiteFideId "13902393"]
[BlackFideId "4651260"]
[EventDate "2015.03.10"]

1. Nf3 d5 2. c4 c6 3. b3 Bf5 4. Bb2 e6 5. g3 Nf6 6. Bg2 Nbd7 7. O-O Bd6 8. d3
Qe7 9. Nh4 Bg4 10. h3 Bh5 11. Qc2 g5 12. Nf3 g4 13. hxg4 Bxg4 14. Nbd2 Rg8 15.
cxd5 Nxd5 16. Nc4 Nf4 17. Nxd6+ Qxd6 18. Qd2 Bxf3 19. Bxf3 O-O-O 20. Rad1 Nh3+
21. Kh1 e5 22. Bg2 Nf4 23. Bxe5 Qh6+ 24. Kg1 Nxe5 25. Qxf4 Qxf4 26. gxf4 Ng6 27.
Kh2 Nxf4 28. Rg1 Kc7 29. Bf3 Kd6 30. Rg3 Rg6 31. e3 Rh6+ 32. Kg1 Ne6 33. d4 Ke7
34. Be4 Rh5 35. Kf1 f5 36. Bf3 Rh6 37. Ke2 f4 38. Rg2 Rg6 39. Rh1 Nf8 40. Rxh7+
Nxh7 41. Rxg6 Kf7 42. Rg4 fxe3 43. fxe3 Nf6 44. Rg2 Rh8 45. e4 Rh3 46. b4 Ne8
47. b5 Nc7 48. bxc6 bxc6 49. Rf2 Ke7 50. Kd3 Ne6 51. Kc4 Ng5 52. Bg2 Ra3 53. e5
Ra4+ 54. Kc3 Ne6 55. Rd2 Nxd4 56. Rxd4 Rxa2 57. Bf1 Ra3+ 58. Kd2 Ke6 59. Re4 1-0

[Event "Reykjavik Open 2015"]
[Site "Reykjavik ISL"]
[Date "2015.03.18"]
[Round "10.29"]
[White "Preotu, Razvan"]
[Black "Wege, Jochen"]
[Result "1-0"]
[WhiteTitle "IM"]
[BlackTitle "FM"]
[WhiteElo "2447"]
[BlackElo "2277"]
[WhiteFideId "2613280"]
[BlackFideId "4620488"]
[EventDate "2015.03.10"]

1. e4 e6 2. d4 d5 3. Nd2 Nf6 4. e5 Nfd7 5. Ngf3 c5 6. c3 Nc6 7. Bd3 Be7 8. O-O
g5 9. dxc5 Nxc5 10. Bc2 h6 11. Nb3 Nd7 12. Nfd4 Ndxe5 13. f4 gxf4 14. Bxf4 h5
15. Qe2 Bd6 16. Rad1 Nxd4 17. Nxd4 Nc6 18. Ba4 Kf8 19. Bxc6 bxc6 20. Be5 Rh7 21.
Qd3 f5 22. Qg3 Bxe5 23. Qxe5 Kf7 24. Nxc6 Qb6+ 25. Nd4 Bd7 26. Kh1 Rg7 27. Nxf5
exf5 28. Qxd5+ Kf6 29. Qxa8 Rxg2 30. Rxd7 1-0

[Event "Reykjavik Open 2015"]
[Site "Reykjavik ISL"]
[Date "2015.03.18"]
[Round "10.30"]
[White "Poley, Vladimir"]
[Black "Thorfinnsson, Bragi"]
[Result "1-0"]
[WhiteTitle "IM"]
[BlackTitle "IM"]
[WhiteElo "2269"]
[BlackElo "2429"]
[WhiteFideId "13500090"]
[BlackFideId "2300958"]
[EventDate "2015.03.10"]

1. Nf3 d5 2. b3 Nf6 3. Bb2 g6 4. c4 c6 5. e3 Bg7 6. Nc3 O-O 7. Be2 a6 8. O-O b5
9. d4 Bg4 10. Ne5 Bxe2 11. Qxe2 e6 12. Rac1 Nfd7 13. cxd5 cxd5 14. Nd3 Nb6 15.
Rc2 N8d7 16. Nb4 Qh4 17. Nc6 Rfc8 18. g3 Qf6 19. Nb1 Bf8 20. Rfc1 h5 21. Nd2 Kh7
22. e4 Bh6 23. e5 Qh8 24. f4 Qe8 25. Ba3 Bf8 26. Bxf8 Qxf8 27. Nf3 Qe8 28. Ng5+
Kg7 29. g4 hxg4 30. Qxg4 Nf8 31. Rc3 b4 32. Rh3 Rxc6 33. Qh4 Rxc1+ 34. Kf2 1-0

[Event "Reykjavik Open 2015"]
[Site "Reykjavik ISL"]
[Date "2015.03.18"]
[Round "10.31"]
[White "Olafsson, Thorvardur"]
[Black "Thorhallsson, Throstur"]
[Result "0-1"]
[BlackTitle "GM"]
[WhiteElo "2230"]
[BlackElo "2428"]
[WhiteFideId "2301148"]
[BlackFideId "2300109"]
[EventDate "2015.03.10"]

1. e4 c5 2. Nf3 Nc6 3. d4 cxd4 4. Nxd4 Nf6 5. Nc3 d6 6. Bg5 e6 7. Qd2 a6 8.
O-O-O Bd7 9. f4 Be7 10. Nf3 b5 11. e5 b4 12. exf6 bxc3 13. Qxc3 gxf6 14. f5 d5
15. fxe6 fxe6 16. Be2 Nb4 17. Kb1 Rc8 18. Ne5 O-O 19. Qg3 fxg5 20. Rhf1 Rxc2 21.
Bd3 Nxd3 22. Qxd3 Rxb2+ 23. Kxb2 Qb8+ 0-1

[Event "Reykjavik Open 2015"]
[Site "Reykjavik ISL"]
[Date "2015.03.18"]
[Round "10.32"]
[White "Ptacnikova, Lenka"]
[Black "Hagen, Andreas Skytte"]
[Result "1/2-1/2"]
[WhiteTitle "WGM"]
[BlackTitle "IM"]
[WhiteElo "2242"]
[BlackElo "2412"]
[WhiteFideId "305650"]
[BlackFideId "1407341"]
[EventDate "2015.03.10"]

1. e4 c5 2. Nc3 d6 3. f4 g6 4. Nf3 Bg7 5. Bb5+ Bd7 6. Bc4 Nc6 7. d3 Na5 8. Bd2
e6 9. O-O Ne7 10. a3 Nxc4 11. dxc4 O-O 12. Be3 Bc6 13. Qd3 Qc7 14. Rad1 Rad8 15.
Ng5 h6 16. Nf3 b6 17. Bc1 d5 18. e5 dxc4 19. Qxc4 Rxd1 20. Nxd1 Rd8 21. Ne3 Rd7
22. Qe2 b5 23. Rd1 a6 24. Rxd7 Qxd7 25. c4 Be4 26. Kf2 h5 27. Qd2 Qb7 28. Qd8+
Bf8 29. Ng5 Nc6 30. Qe8 Nd4 31. g4 Bc6 32. Qd8 Qd7 33. Qxd7 Bxd7 34. Bd2 Bc6 35.
gxh5 gxh5 36. cxb5 axb5 37. Nd1 b4 38. axb4 cxb4 39. Be3 Bc5 40. Kf1 Bb5+ 41.
Kg2 Kg7 42. Nf2 Nb3 43. Kf3 Be7 44. Nfe4 Bxg5 45. Nxg5 Na5 46. Bd2 Nc6 47. Ke3
Bc4 48. Ne4 Kg6 49. Nd6 Bd5 50. h4 f6 51. exf6 Kxf6 52. Be1 e5 53. fxe5+ Kxe5
54. Bg3+ Ke6 55. Nb5 Kf5 56. Nd4+ Kg4 57. Nxc6 Kxg3 58. Nxb4 Ba8 59. Nd3 Kxh4
60. Nf4 Kg4 61. Nxh5 Kxh5 62. Kf4 Kg6 1/2-1/2

[Event "Reykjavik Open 2015"]
[Site "Reykjavik ISL"]
[Date "2015.03.18"]
[Round "10.33"]
[White "Sequera Paolini, Jose Rafael"]
[Black "Niemann, Hans M"]
[Result "1/2-1/2"]
[WhiteTitle "IM"]
[WhiteElo "2408"]
[BlackElo "2275"]
[WhiteFideId "3900304"]
[BlackFideId "2093596"]
[EventDate "2015.03.10"]

1. e4 d5 2. exd5 Qxd5 3. Nc3 Qd6 4. d4 c6 5. g3 Nf6 6. Bg2 Bf5 7. Nf3 Nbd7 8.
O-O e6 9. Qe2 Qc7 10. Nd2 Bxc2 11. Nc4 Bg6 12. Bf4 Qd8 13. d5 Nxd5 14. Nxd5 cxd5
15. Bxd5 Bd3 16. Qxd3 Nc5 17. Qc3 exd5 18. Rad1 Ne6 19. Qe5 d4 20. Be3 Bc5 21.
b4 Qb8 22. Qd5 O-O 23. bxc5 dxe3 24. fxe3 Qc7 25. Rf5 Rad8 26. Nd6 b6 27. Rdf1
Nxc5 28. Rxf7 Rxf7 29. Qxf7+ Qxf7 30. Nxf7 Rd2 31. Ne5 Rxa2 32. Rd1 h6 33. h4
Ne4 34. Rd8+ Kh7 35. g4 Ra5 36. Re8 Nf6 37. Re6 g5 38. Rxf6 Rxe5 39. Rf7+ Kg6
40. Rxa7 gxh4 41. Kf2 Rb5 42. Kg2 Rb3 43. Re7 Rb1 44. Kh3 b5 45. Kxh4 b4 46.
Re6+ Kf7 47. Rb6 b3 48. Rb7+ Ke6 49. Kh5 b2 50. Kg6 Ke5 51. Rb4 Kd5 52. Rb5+ Ke4
53. Rb4+ Kxe3 54. Rb3+ Ke4 55. Rb4+ Kf3 56. Kf5 Ke3 57. Kg6 Kf3 58. Kf5 Ke2 59.
Kg6 Ke3 60. Rb3+ Kf4 61. Rb4+ Kg3 62. Kg7 Kf3 63. Kg6 Ke3 1/2-1/2

[Event "Reykjavik Open 2015"]
[Site "Reykjavik ISL"]
[Date "2015.03.18"]
[Round "10.34"]
[White "Soors, Stef"]
[Black "Karason, Askell O"]
[Result "0-1"]
[WhiteTitle "IM"]
[WhiteElo "2408"]
[BlackElo "2274"]
[WhiteFideId "209511"]
[BlackFideId "2300567"]
[EventDate "2015.03.10"]

1. e4 d6 2. d4 Nf6 3. Nc3 g6 4. Be3 a6 5. Be2 Bg7 6. h4 h5 7. Nf3 b5 8. Ng5 O-O
9. f3 Nbd7 10. g4 e5 11. d5 Re8 12. Bd3 Nc5 13. Ne2 hxg4 14. Ng3 Nxd3+ 15. Qxd3
Nh5 16. Nxh5 gxh5 17. Rf1 f6 18. Ne6 Rxe6 19. dxe6 Bxe6 20. Rg1 Kh8 21. fxg4
Bxg4 22. Kd2 c6 23. Rxg4 hxg4 24. Rg1 d5 25. Kc1 Qd7 26. Qd1 f5 27. exf5 Qxf5
28. Rxg4 Rf8 29. Rg1 Qf3 30. Qe1 d4 31. Bg5 e4 32. h5 Qf2 33. h6 Be5 34. Qd1 e3
35. Rh1 e2 36. Qe1 Bf4+ 37. Bxf4 Qxf4+ 38. Kb1 Qf1 39. Kc1 Qxh1 40. Qd1 0-1

[Event "Reykjavik Open 2015"]
[Site "Reykjavik ISL"]
[Date "2015.03.18"]
[Round "10.35"]
[White "Morshedi, Ali"]
[Black "Tania, Sachdev"]
[Result "0-1"]
[WhiteTitle "FM"]
[BlackTitle "IM"]
[WhiteElo "2221"]
[BlackElo "2404"]
[WhiteFideId "2021730"]
[BlackFideId "5007844"]
[EventDate "2015.03.10"]

1. e4 e5 2. Nf3 Nc6 3. d4 exd4 4. Nxd4 Nf6 5. Nxc6 bxc6 6. e5 Qe7 7. Qe2 Nd5 8.
c4 Nb6 9. Nc3 Ba6 10. b3 O-O-O 11. Bb2 Re8 12. f4 f6 13. Ne4 d5 14. Qg4+ Kb8 15.
cxd5 Qb4+ 16. Nd2 Bxf1 17. a3 Qc5 18. Rxf1 Qc2 19. Rb1 Nxd5 20. Qe2 fxe5 21. f5
e4 22. Qc4 Qd3 23. Rc1 Bd6 24. Bd4 Nb6 25. Qxd3 exd3+ 26. Kd1 Be5 27. Nf3 Bxd4
28. Nxd4 Re4 29. Nxc6+ Kb7 30. Nb4 Rd8 31. Rf3 d2 0-1

[Event "Reykjavik Open 2015"]
[Site "Reykjavik ISL"]
[Date "2015.03.18"]
[Round "10.36"]
[White "Byron, Alan M"]
[Black "Thorfinnsson, Bjorn"]
[Result "1/2-1/2"]
[BlackTitle "IM"]
[WhiteElo "2172"]
[BlackElo "2403"]
[WhiteFideId "401773"]
[BlackFideId "2300982"]
[EventDate "2015.03.10"]

1. e4 e5 2. Nf3 Nc6 3. Bb5 f5 4. d3 d6 5. Bg5 Be7 6. Qd2 Bxg5 7. Qxg5 Nf6 8. Bc4
Qe7 9. Nc3 Nd4 10. Nxd4 exd4 11. Ne2 Bd7 12. O-O O-O-O 13. Nxd4 fxe4 14. Qa5 Kb8
15. Rae1 d5 16. Bb3 Qe5 17. Nf3 Qh5 18. dxe4 b6 19. Qc3 Nxe4 20. Qe5 Qxe5 21.
Nxe5 Bb5 22. Nf7 Nd2 23. Nxh8 Rxh8 24. Rd1 Nxf1 25. Rxd5 Re8 26. Rxb5 Nd2 27. f3
c5 28. a4 Kc7 29. a5 Nxb3 30. axb6+ axb6 31. Rxb3 Re2 32. c3 g5 1/2-1/2

[Event "Reykjavik Open 2015"]
[Site "Reykjavik ISL"]
[Date "2015.03.18"]
[Round "10.37"]
[White "L'Ami, Alina"]
[Black "Quillien, Emmanuel"]
[Result "1-0"]
[WhiteTitle "IM"]
[WhiteElo "2393"]
[BlackElo "2202"]
[WhiteFideId "1210246"]
[BlackFideId "616524"]
[EventDate "2015.03.10"]

1. d4 g6 2. c4 Bg7 3. Nc3 d6 4. e4 Nf6 5. h3 O-O 6. Bg5 c5 7. d5 e6 8. Bd3 exd5
9. cxd5 Re8 10. Nf3 c4 11. Bc2 b5 12. a3 Nbd7 13. O-O Nc5 14. Re1 Bd7 15. e5
dxe5 16. Nxe5 Qb8 17. d6 Qb7 18. f4 Nh5 19. g4 h6 20. gxh5 Bxe5 21. fxe5 hxg5
22. hxg6 Bxh3 23. Nd5 Nd3 24. Qh5 1-0

[Event "Reykjavik Open 2015"]
[Site "Reykjavik ISL"]
[Date "2015.03.18"]
[Round "10.38"]
[White "Ahlander, Bjorn"]
[Black "Halldorsson, Jon Arni"]
[Result "1-0"]
[WhiteTitle "IM"]
[WhiteElo "2380"]
[BlackElo "2150"]
[WhiteFideId "1700251"]
[BlackFideId "2301075"]
[EventDate "2015.03.10"]

1. e4 e6 2. d4 d5 3. Nd2 Nf6 4. Bd3 dxe4 5. Nxe4 Nbd7 6. Nf3 c5 7. O-O Be7 8.
Nxc5 Nxc5 9. dxc5 Bxc5 10. Qe2 O-O 11. Bg5 Be7 12. Rad1 Qc7 13. Rfe1 Rd8 14. Ne5
Bd7 15. Bxh7+ Kf8 16. Bd3 Bc6 17. Nxf7 Kxf7 18. Qxe6+ Kf8 19. Bc4 1-0

[Event "Reykjavik Open 2015"]
[Site "Reykjavik ISL"]
[Date "2015.03.18"]
[Round "10.39"]
[White "Arngrimsson, Dagur"]
[Black "Risting, Eivind Olav"]
[Result "1-0"]
[WhiteTitle "IM"]
[WhiteElo "2366"]
[BlackElo "2100"]
[WhiteFideId "2301288"]
[BlackFideId "1517333"]
[EventDate "2015.03.10"]

1. d4 Nf6 2. c4 c5 3. d5 b5 4. Nf3 g6 5. cxb5 a6 6. b6 Qxb6 7. Nc3 Bg7 8. e4 d6
9. a4 O-O 10. Nd2 Qc7 11. Nc4 Nbd7 12. Be2 Nb6 13. Na3 Bd7 14. a5 Nc8 15. Nc4
Rb8 16. O-O Na7 17. Bf4 Nb5 18. e5 Ne8 19. exd6 exd6 20. Rc1 h6 21. Nb6 g5 22.
Bg3 f5 23. f4 g4 24. Nca4 Qd8 25. Be1 Nf6 26. Bd3 Ne4 27. Bxe4 fxe4 28. b4 cxb4
29. Nxd7 Qxd7 30. Bxb4 Rbe8 31. Bc3 e3 32. Qe2 Nxc3 33. Nxc3 h5 34. Qxa6 Bxc3
35. Rxc3 Rxf4 36. Rxf4 e2 37. Rc1 e1=Q+ 38. Rxe1 Rxe1+ 39. Kf2 Qe8 40. Qd3 Ra1
41. Qc3 Ra2+ 42. Kg3 Rxa5 43. Rf5 Ra7 44. Rg5+ Kh7 45. Kh4 Qe7 46. Qc2+ Kh8 47.
Qc8+ Kh7 48. Qg8+ Kh6 49. Qg6# 1-0

[Event "Reykjavik Open 2015"]
[Site "Reykjavik ISL"]
[Date "2015.03.18"]
[Round "10.40"]
[White "Ingvason, Johann"]
[Black "Welling, Gerard"]
[Result "0-1"]
[BlackTitle "IM"]
[WhiteElo "2135"]
[BlackElo "2355"]
[WhiteFideId "2301431"]
[BlackFideId "1000446"]
[EventDate "2015.03.10"]

1. e4 e5 2. Nf3 Nc6 3. Bc4 d6 4. h3 g6 5. d4 exd4 6. Nxd4 Bg7 7. Nxc6 bxc6 8.
O-O Ne7 9. Nc3 O-O 10. Be3 Be6 11. Bb3 c5 12. Nd5 Nxd5 13. exd5 Bd7 14. c3 Qh4
15. Qf3 Rab8 16. Qf4 Qxf4 17. Bxf4 a5 18. Rfe1 a4 19. Re7 Rfd8 20. Rxd7 Rxd7 21.
Bxa4 Re7 22. Bc6 Rxb2 23. a4 Ree2 24. Bg3 Bxc3 25. Bb5 Re1+ 0-1

[Event "Reykjavik Open 2015"]
[Site "Reykjavik ISL"]
[Date "2015.03.18"]
[Round "10.41"]
[White "Vuilleumier, Alexandre"]
[Black "Bucher, Grant W"]
[Result "1-0"]
[WhiteTitle "IM"]
[WhiteElo "2349"]
[BlackElo "2087"]
[WhiteFideId "1305662"]
[BlackFideId "413810"]
[EventDate "2015.03.10"]

1. d4 Nf6 2. Bg5 Ne4 3. Bf4 d5 4. Nd2 Nf6 5. Ngf3 g6 6. h3 Bg7 7. e3 O-O 8. Be2
c5 9. c3 Nbd7 10. O-O Re8 11. b4 Ne4 12. Rc1 cxb4 13. cxb4 Qb6 14. Nxe4 dxe4 15.
Ng5 Nf6 16. Qb3 Be6 17. Nxe6 Qxe6 18. Bc4 1-0

[Event "Reykjavik Open 2015"]
[Site "Reykjavik ISL"]
[Date "2015.03.18"]
[Round "10.42"]
[White "Johannsson, Orn Leo"]
[Black "Haug, Johannes"]
[Result "0-1"]
[BlackTitle "FM"]
[WhiteElo "2107"]
[BlackElo "2339"]
[WhiteFideId "2303051"]
[BlackFideId "1509268"]
[EventDate "2015.03.10"]

1. e4 e6 2. d4 d5 3. Nd2 Be7 4. Bd3 c5 5. dxc5 Nf6 6. Qe2 O-O 7. Ngf3 a5 8. O-O
Na6 9. c4 Nxc5 10. cxd5 exd5 11. e5 Nfd7 12. Bb5 Ne6 13. Nb3 Ndc5 14. Nbd4 Ne4
15. Be3 Bd7 16. Rac1 Rc8 17. Rxc8 Qxc8 18. Rc1 N4c5 19. Ne1 b6 20. f3 Ng5 21.
Qd2 Nge6 22. Nf5 Re8 23. Bd3 Bf8 24. Bb1 Bc6 25. Qc2 g6 26. Nh6+ Bxh6 27. Bxh6
Qb8 28. f4 d4 29. Qf2 Be4 30. f5 gxf5 31. Nf3 Bxb1 32. Rxb1 Ne4 33. Qh4 Qc8 34.
Rc1 Qd7 35. Qh5 N6c5 36. Rf1 d3 37. Be3 Qe6 38. Nh4 Nd7 39. Nxf5 Nxe5 40. Bd4
Qg6 41. Qh4 Ng5 42. Nh6+ Kf8 43. Bxe5 Rxe5 44. Qd4 Nf3+ 45. Rxf3 Re1+ 46. Rf1
Rxf1+ 47. Kxf1 Qxh6 48. Qxd3 Qc1+ 49. Kf2 Qxb2+ 50. Kf3 Qf6+ 51. Ke2 Qe6+ 52.
Kf3 h6 53. a3 Kg7 54. h3 Qc6+ 55. Kf2 b5 56. Kg1 Qb6+ 57. Kh1 b4 58. Qg3+ Qg6
59. Qe5+ Qf6 60. Qb5 bxa3 61. Qxa5 Qa1+ 62. Kh2 a2 63. Qf5 Qd4 0-1

[Event "Reykjavik Open 2015"]
[Site "Reykjavik ISL"]
[Date "2015.03.18"]
[Round "10.43"]
[White "Kjartansson, Gudmundur"]
[Black "Haessel, Dale R."]
[Result "0-1"]
[WhiteTitle "IM"]
[BlackTitle "FM"]
[WhiteElo "2491"]
[BlackElo "2174"]
[WhiteFideId "2301318"]
[BlackFideId "2012618"]
[EventDate "2015.03.10"]

1. c4 c5 2. g3 Nf6 3. Bg2 Nc6 4. Nc3 g6 5. Nf3 d5 6. cxd5 Nxd5 7. O-O Bg7 8.
Nxd5 Qxd5 9. d3 O-O 10. Be3 Bd7 11. Qd2 b6 12. d4 Rad8 13. Qc1 cxd4 14. Bh6 e5
15. Ng5 Qd6 16. Ne4 Qe7 17. h4 Rc8 18. Qd2 f5 19. Bxg7 Kxg7 20. Ng5 h6 21. Nh3
Be6 22. Bxc6 Rxc6 23. f4 Qd6 24. fxe5 Qxe5 25. Nf4 g5 26. hxg5 hxg5 27. Nxe6+
Rxe6 28. Rf3 Kg6 29. Raf1 g4 30. Rd3 Rh8 31. Rf2 Qd5 32. Rh2 Rxh2 33. Kxh2 Qe4
34. Rxd4 Qxe2+ 35. Kg1 Re3 36. Qxe2 Rxe2 37. Rb4 Kf6 38. Kf1 Rd2 39. a4 Ke5 40.
Ke1 Rg2 41. Rb3 Kd4 42. Kf1 Rc2 43. a5 bxa5 44. Kg1 Rc5 45. Rb7 Ke3 46. Rb3+ Ke4
47. Kf2 Rc2+ 48. Kf1 a6 49. Ra3 Rc5 50. Ke2 Rb5 51. b3 Kd4 52. Kd2 Rd5 53. Ra4+
Ke5+ 54. Ke3 Rb5 55. Ra3 Kf6 56. Kf2 Re5 57. Ra1 Ke6 58. Rd1 Rd5 59. Ra1 Rb5 60.
Ra3 Re5 61. Ra1 Kd6 62. Rc1 Rc5 63. Rd1+ Kc6 64. Rd8 Re5 65. Rc8+ Kb5 66. Rb8+
Kc5 67. Rb7 Kd4 68. b4 axb4 69. Rxb4+ Kc3 70. Rb8 a5 71. Rc8+ Kb4 72. Rb8+ Ka3
73. Rb7 a4 74. Rb6 Rc5 75. Ke3 Rc3+ 76. Kf4 Rf3+ 77. Ke5 Ka2 78. Rb8 a3 79. Rb7
Rb3 80. Rd7 Rf3 81. Rb7 Rxg3 82. Kxf5 Rb3 83. Rg7 g3 84. Kg4 Kb2 0-1

[Event "Reykjavik Open 2015"]
[Site "Reykjavik ISL"]
[Date "2015.03.18"]
[Round "10.44"]
[White "Akesson, Ralf"]
[Black "Gonzalez Pruneda, Arturo"]
[Result "1-0"]
[WhiteTitle "GM"]
[WhiteElo "2456"]
[BlackElo "2131"]
[WhiteFideId "1700120"]
[BlackFideId "2256860"]
[EventDate "2015.03.10"]

1. d4 Nf6 2. c4 e6 3. g3 c5 4. d5 exd5 5. cxd5 d6 6. Nc3 g6 7. Bg2 Bg7 8. Nf3
O-O 9. O-O a6 10. a4 Re8 11. Nd2 Nbd7 12. h3 Qc7 13. Nc4 Nb6 14. Na3 Bd7 15. Bd2
Nc8 16. Nc4 Rb8 17. a5 Bb5 18. Ne3 b6 19. axb6 Nxb6 20. Re1 Nfd7 21. Qc1 Nc4 22.
Nxb5 axb5 23. Nxc4 bxc4 24. Bc3 Bxc3 25. bxc3 Rb3 26. h4 Qb6 27. h5 Rb2 28. h6
f6 29. Bh3 Nf8 30. Qf4 Kf7 31. Qxc4 f5 32. Ra6 Qb5 33. Qxb5 Rxb5 34. Rxd6 Rb3
35. Rc6 Rxc3 36. Rc7+ Kf6 37. Rd1 Rd8 38. d6 Rc4 39. e3 Ne6 40. Rxh7 Ng5 41. Bf1
Nxh7 42. Bxc4 Kg5 43. d7 Kxh6 44. Bb5 Nf6 45. Rc1 Ne4 46. Bc6 1-0

[Event "Reykjavik Open 2015"]
[Site "Reykjavik ISL"]
[Date "2015.03.18"]
[Round "10.45"]
[White "Gunnarsson, Jon Viktor"]
[Black "Tolhuizen, Ludo"]
[Result "1-0"]
[WhiteTitle "IM"]
[WhiteElo "2443"]
[BlackElo "2123"]
[WhiteFideId "2300931"]
[BlackFideId "1000802"]
[EventDate "2015.03.10"]

1. e4 e6 2. d4 d5 3. Nc3 dxe4 4. Nxe4 Nd7 5. Nf3 Ngf6 6. Bd3 c5 7. O-O cxd4 8.
Nxf6+ Nxf6 9. Nxd4 Be7 10. c3 O-O 11. Bf4 Nd5 12. Bg3 Bf6 13. Nf3 b6 14. c4 Bxb2
15. cxd5 Bxa1 16. Qxa1 exd5 17. h3 Be6 18. Be5 f6 19. Bf4 Qd7 20. Nd4 1-0

[Event "Reykjavik Open 2015"]
[Site "Reykjavik ISL"]
[Date "2015.03.18"]
[Round "10.46"]
[White "Hardarson, Jon Trausti"]
[Black "Cummings, David H."]
[Result "1/2-1/2"]
[BlackTitle "IM"]
[WhiteElo "2170"]
[BlackElo "2345"]
[WhiteFideId "2302594"]
[BlackFideId "2603578"]
[EventDate "2015.03.10"]

1. d4 d5 2. c4 e6 3. Nc3 Nf6 4. cxd5 exd5 5. Bg5 c6 6. Qc2 Be7 7. e3 Nbd7 8. Bd3
h6 9. Bh4 Nh5 10. Bxe7 Qxe7 11. Nge2 Nb6 12. O-O-O Be6 13. h3 O-O-O 14. g4 Nf6
15. Na4 Nxa4 16. Qxa4 Kb8 17. Kb1 h5 18. g5 Ne4 19. Bxe4 dxe4 20. Rdg1 h4 21.
Nf4 Bf5 22. Qa5 g6 23. Qc3 Rhe8 24. b4 f6 25. Qc5 Rd6 26. gxf6 Qxf6 27. Rg2 b6
28. Qc2 Rxd4 29. Qb2 Rd6 30. Qxf6 Rxf6 31. Rhg1 Rg8 32. Rg5 Rd8 33. Nxg6 Bxg6
34. Rxg6 Rxf2 35. Re6 Rdd2 36. Re7 Rb2+ 37. Kc1 Rfc2+ 38. Kd1 Rd2+ 39. Kc1 Rbc2+
40. Kb1 Rb2+ 41. Kc1 Rdc2+ 42. Kd1 Rg2 43. Rxg2 Rxg2 44. Rxe4 Rg3 45. Rxh4 Rxe3
46. Kc2 Kb7 47. Rh7+ Ka6 48. Kb2 Kb5 49. a3 a5 50. Rh5+ c5 51. bxc5 bxc5 52. Rh4
Re2+ 53. Kb3 a4+ 54. Kc3 Ra2 55. Rh8 Rxa3+ 56. Kb2 Rb3+ 57. Kc2 Rg3 58. Kb2 Kb4
59. h4 Rg2+ 60. Kb1 c4 61. h5 Kc3 62. h6 Rg6 63. h7 Rg7 64. Ka2 a3 65. Ka1 Rc7
66. Kb1 a2+ 67. Kxa2 Kc2 68. Ka3 c3 69. Rg8 Rxh7 70. Rg2+ Kd3 71. Rg3+ Kd4 72.
Rg4+ Ke3 73. Rg3+ Kd4 74. Rg4+ Kd5 75. Rg5+ Ke6 1/2-1/2

[Event "Reykjavik Open 2015"]
[Site "Reykjavik ISL"]
[Date "2015.03.18"]
[Round "10.47"]
[White "Bisby, Daniel L"]
[Black "Miller, David"]
[Result "1-0"]
[WhiteTitle "FM"]
[WhiteElo "2321"]
[BlackElo "2066"]
[WhiteFideId "404586"]
[BlackFideId "2608634"]
[EventDate "2015.03.10"]

1. e4 c5 2. Nf3 d6 3. d4 cxd4 4. Nxd4 Nf6 5. f3 e5 6. Nb3 d5 7. Bg5 dxe4 8.
Qxd8+ Kxd8 9. Bxf6+ gxf6 10. fxe4 Be6 11. Nc3 Nd7 12. O-O-O f5 13. Bb5 fxe4 14.
Rxd7+ Bxd7 15. Rd1 Bh6+ 16. Kb1 Kc7 17. Rxd7+ Kc8 18. Nxe4 Bf8 19. Rxf7 a6 20.
Bc4 b5 21. Bd5 Rb8 22. Be6+ 1-0

[Event "Reykjavik Open 2015"]
[Site "Reykjavik ISL"]
[Date "2015.03.18"]
[Round "10.48"]
[White "Gislason, Gudmundur"]
[Black "Thorhallsson, Gylfi"]
[Result "1-0"]
[WhiteTitle "FM"]
[WhiteElo "2321"]
[BlackElo "2084"]
[WhiteFideId "2300559"]
[BlackFideId "2300800"]
[EventDate "2015.03.10"]

1. d4 e6 2. Nf3 f5 3. c4 Nf6 4. Nc3 d6 5. Qc2 Be7 6. h3 O-O 7. g4 c5 8. gxf5
exf5 9. Rg1 Kh8 10. Bg5 cxd4 11. Nxd4 Nc6 12. O-O-O Nxd4 13. Rxd4 Be6 14. e3 Rc8
15. Bd3 Nd7 16. Bf4 Nc5 17. Kb1 Nxd3 18. Qxd3 a6 19. Nd5 Bh4 20. Bxd6 Qxd6 21.
Rxh4 Qh2 22. Rf1 Rfd8 23. Rd4 Qxh3 24. Rd1 Qh2 25. Nf4 Rxd4 26. Qxd4 Bg8 27. Qe5
Qh6 28. b3 Qg5 29. Qd6 Rc6 30. Qb8 Qe7 31. Rd8 1-0

[Event "Reykjavik Open 2015"]
[Site "Reykjavik ISL"]
[Date "2015.03.18"]
[Round "10.49"]
[White "Kenney, Jason"]
[Black "Mihajlov, Sebastian"]
[Result "1/2-1/2"]
[BlackTitle "FM"]
[WhiteElo "2104"]
[BlackElo "2308"]
[WhiteFideId "2606690"]
[BlackFideId "1512110"]
[EventDate "2015.03.10"]

1. c4 c6 2. Nf3 Nf6 3. g3 d5 4. Bg2 g6 5. O-O Bg7 6. d4 O-O 7. b3 a5 8. cxd5
cxd5 9. Nc3 Ne4 10. Nxe4 dxe4 11. Ne5 f6 12. Nc4 f5 13. Ne5 Nc6 14. Nxc6 bxc6
15. Be3 c5 16. dxc5 Bxa1 17. Qxa1 Ba6 18. Qb2 Qc7 19. Bd4 Rad8 20. Rc1 Rd5 21.
f4 e6 22. e3 Rfd8 23. Qc3 g5 24. Bf1 Bxf1 25. Rxf1 gxf4 26. gxf4 Kf7 27. Rf2
Rg8+ 28. Rg2 Rxg2+ 29. Kxg2 Rd8 30. Kf1 Rg8 31. a3 Qb7 32. Qxa5 Qxb3 33. Qc7+
Kg6 34. Qe7 e5 35. Qg5+ Kf7 36. Qxf5+ Ke8 37. Qxe5+ Kd7 38. Qd6+ Ke8 39. Qc6+
Kf8 40. Qf6+ Ke8 41. Qc6+ Kf8 42. Qc8+ Ke7 43. Qc7+ Ke8 44. Qe5+ Kd8 45. Qd6+ 1/2-1/2

[Event "Reykjavik Open 2015"]
[Site "Reykjavik ISL"]
[Date "2015.03.18"]
[Round "10.50"]
[White "Sigeman, Johan"]
[Black "Haldorsen, Benjamin"]
[Result "0-1"]
[WhiteElo "2123"]
[BlackElo "2307"]
[WhiteFideId "1705601"]
[BlackFideId "1512633"]
[EventDate "2015.03.10"]

1. c4 g6 2. Nc3 Bg7 3. g3 d6 4. Bg2 Nc6 5. e4 e5 6. Nge2 f5 7. d3 Nf6 8. O-O O-O
9. f4 exf4 10. Nxf4 fxe4 11. Nxe4 Ng4 12. Kh1 Kh8 13. Rb1 Bf5 14. h3 Nge5 15. b3
Qd7 16. Kh2 Nd4 17. Be3 Ne6 18. Rc1 Rae8 19. Qd2 c6 20. Rce1 Nxf4 21. gxf4 Nxd3
22. Qxd3 d5 23. cxd5 cxd5 24. Bc5 Rf7 25. Nd6 Rxe1 26. Nxf5 Rxf1 27. Nxg7 R1xf4
28. Bxd5 Kxg7 29. Bd4+ R4f6 0-1

[Event "Reykjavik Open 2015"]
[Site "Reykjavik ISL"]
[Date "2015.03.18"]
[Round "10.51"]
[White "Djurhuus, Eivind X"]
[Black "Tjomsland, Stig"]
[Result "1/2-1/2"]
[BlackTitle "FM"]
[WhiteElo "2077"]
[BlackElo "2300"]
[WhiteFideId "1515721"]
[BlackFideId "1501704"]
[EventDate "2015.03.10"]

1. Nf3 Nf6 2. c4 e6 3. g3 d5 4. Bg2 Be7 5. O-O O-O 6. b3 b6 7. Bb2 Bb7 8. e3
Nbd7 9. Nc3 Rc8 10. cxd5 Nxd5 11. Nxd5 Bxd5 12. d4 c5 13. Qe2 Nf6 14. Rac1 cxd4
15. Bxd4 Bc6 16. Qb2 Qd5 17. Ne1 Qd7 18. Nf3 Qd5 19. Ne1 Qd7 20. Nf3 Qd5 1/2-1/2